|
|
|
|
| LEADER |
01050nam a2200301 4500 |
| 001 |
39721 |
| 003 |
BD-DhAAL |
| 008 |
220911t1973 nyu b 001 0 eng d |
| 999 |
|
|
|c 44943
|d 44943
|
| 010 |
|
|
|a 73081196
|
| 020 |
|
|
|a 0465097197
|
| 020 |
|
|
|a 046503425X
|
| 020 |
|
|
|a 9780465097197
|
| 040 |
|
|
|a DLC
|c DLC
|d DLC
|d BD-DhAAL
|
| 050 |
0 |
0 |
|a GN315
|b .G36
|
| 082 |
0 |
0 |
|a 301.2
|
| 100 |
1 |
|
|a Geertz, Clifford.
|9 51766
|
| 245 |
1 |
4 |
|a The interpretation of cultures :
|b selected essays /
|c Clifford Geertz.
|
| 260 |
|
|
|a New York,
|b Basic Books
|c 1973.
|
| 300 |
|
|
|a ix, 470 pages ;
|c 25 cm.
|
| 504 |
|
|
|a Includes bibliographical references and index.
|
| 541 |
|
|
|a Donated By Akbar Ali Khan
|e 39721
|
| 650 |
|
0 |
|a Ethnology.
|9 51767
|
| 650 |
|
0 |
|a Culture.
|9 51768
|
| 650 |
|
0 |
|a Social sciences.
|9 51769
|
| 852 |
|
|
|a Ayesha Abed Library
|c Akbar Ali Khan Collection
|
| 942 |
|
|
|2 ddc
|c BK
|
| 952 |
|
|
|0 0
|1 0
|2 ddc
|4 0
|6 301_200000000000000_GEE
|7 1
|9 71921
|a BRACUL
|b BRACUL
|c AAKC
|d 2022-10-11
|e Donated by Akbar Ali Khan
|l 0
|o 301.2 GEE
|p 3010039721
|r 2022-10-11
|t 1
|w 2022-10-11
|y BK
|